Forest soils: their properties and relation to silviculture. (Record no. 180254)
[ view plain ]
| 000 -LEADER | |
|---|---|
| fixed length control field | 00467nam a2200157Ia 4500 |
| 008 - FIXED-LENGTH DATA ELEMENTS--GENERAL INFORMATION | |
| fixed length control field | 210707s1958 xx 000 0 und d |
| 041 ## - LANGUAGE CODE | |
| Language code of text/sound track or separate title | eng |
| 082 ## - DEWEY DECIMAL CLASSIFICATION NUMBER | |
| Classification number | 631.4 WILF |
| 100 ## - MAIN ENTRY--PERSONAL NAME | |
| Personal name | WILDE (S A) |
| 245 ## - TITLE STATEMENT | |
| Title | Forest soils: their properties and relation to silviculture. |
| 260 ## - PUBLICATION, DISTRIBUTION, ETC. | |
| Place of publication, distribution, etc. | New York. |
| Name of publisher, distributor, etc. | The Ronald Press Co., |
| Date of publication, distribution, etc. | 1958 |
| 300 ## - PHYSICAL DESCRIPTION | |
| Extent | ix,537 p |
| 563 ## - BINDING INFORMATION | |
| Binding note | HB |
| 650 ## - SUBJECT ADDED ENTRY--TOPICAL TERM | |
| Topical term or geographic name entry element | Soil Science |
| 906 ## - LOCAL DATA ELEMENT F, LDF (RLIN) | |
| a | and Forest properties relation silviculture. soils: their to |
| Withdrawn status | Lost status | Damaged status | Not for loan | Collection code | Home library | Current library | Date acquired | Total Checkouts | Full call number | Barcode | Date last seen | Price effective from | Koha item type |
|---|---|---|---|---|---|---|---|---|---|---|---|---|---|
| St Aloysius Library | St Aloysius Library | 05/18/2001 | 631.4 WILF | BB04242 | 07/08/2021 | 07/08/2021 | Book Bank |